Aplication of software΄s products in education of actuarial subjects like a part of development of pedagogical softwaer, on department of mathematics
Na minha lista:
| Autor principal: | |
|---|---|
| Formato: | Capítulo de Livro |
| Idioma: | eslovaco |
| Assuntos: | |
| Tags: |
Sem tags, seja o primeiro a adicionar uma tag!
|
MARC
| LEADER | 00000nla a2200000 4500 | ||
|---|---|---|---|
| 001 | 0208597 | ||
| 005 | 20240502073451.4 | ||
| 041 | 0 | |a slo | |
| 044 | |a SK | ||
| 245 | 1 | 0 | |a Aplication of software΄s products in education of actuarial subjects like a part of development of pedagogical softwaer, on department of mathematics |c František Peller |
| 500 | |a Abstrakt | ||
| 610 | 2 | 0 | |a matematika finančná |
| 610 | 2 | 0 | |a matematika poistná |
| 610 | 2 | 0 | |a metódy aktuárske |
| 610 | 2 | 0 | |a funkcie matematické |
| 610 | 2 | 0 | |a výučba vedecká |
| 610 | 2 | 0 | |a jazyky programovacie |
| 100 | 1 | |a Peller, František | |